Kpop Idol Quiz - Statistics

General Stats
  • This quiz has been taken 553 times
  • The average score is 66 of 78
Answer Stats
Hint Answer % Correct
BlackPink Lisa
98%
BlackPink Jennie
97%
BTS Jimin
97%
BlackPink Jisoo
97%
BTS Jungkook
97%
BlackPink Rose
97%
BTS V
97%
BTS J-hope
95%
BTS Jin
95%
BTS RM
95%
Ateez San
95%
Aespa Karina
94%
BTS Suga
94%
Stray Kids Han
93%
Aespa Winter
93%
Stray Kids Bang Chan
92%
Stray Kids Felix
92%
Enhypen Ni-ki
91%
Aespa Ningning
90%
Aespa Giselle
89%
Enhypen Jay
89%
Tomorrow X Together Huening Kai
88%
Stray Kids Hyunjin
88%
Stray Kids I.N.
88%
Enhypen Jake
88%
Stray Kids Changbin
87%
Stray Kids Lee Know
87%
Twice Momo
87%
ITZY Yeji
87%
ITZY Lia
86%
(G)idle Minnie
86%
ITZY Ryujin
86%
Lesserafim Sakura
86%
IVE Wonyoung
86%
Lesserafim Chaewon
85%
Newjeans Danielle
85%
Twice Nayeon
85%
Stray Kids Seungmin
85%
(G)idle Soyeon
85%
Enhypen Sunoo
85%
Tomorrow X Together Yeonjun
85%
ITZY Yuna
85%
Twice Sana
84%
Tomorrow X Together Soobin
84%
Enhypen Sunghoon
84%
(G)idle Yuqi
84%
Tomorrow X Together Beomgyu
83%
Enhypen Heeseung
83%
Tomorrow X Together Taehyun
83%
Lesserafim Yunjin
83%
Newjeans Hanni
82%
Twice Mina
82%
Lesserafim Eunchae
81%
Twice Jihyo
81%
Enhypen Jungwon
81%
Lesserafim Kazuha
81%
Twice Tzuyu
80%
ITZY Chaeryeong
79%
(G)idle Shuhua
79%
Twice Dahyun
78%
(G)idle Miyeon
78%
Twice Chaeyoung
77%
Newjeans Minji
77%
Ateez Wooyoung
77%
IVE Yujin
77%
IVE Liz
76%
Ateez Mingi
76%
Newjeans Hyein
75%
Twice Jeongyeon
75%
IVE Rei
75%
Newjeans Haerin
73%
IVE Gaeul
72%
IVE Leeseo
71%
Ateez Hongjoong
70%
Ateez Seonghwa
70%
Ateez Jongho
69%
Ateez Yeosang
68%
Ateez Yunho
67%
No matching quizzes found
Score Distribution
Percent of People with Each Score
Percentile by Number Answered
Your Score History
You have not taken this quiz